| Registos Bibliográficos associados ao registo de autoridade |
|
Etiqueta de registo: 00560cam 22002291 450 001 827960 003 http://id.bnportugal.gov.pt/bib/catbnp/827960 005 19990125000000.0 095 ## $aPTBN00480494 100 ## $a19920517d1905 km y0pory0103 ba 101 0# $afre 102 ## $aFR 200 1# $a L' evangile profane 205 ## $a2éme ed 210 #9 $aParis$cVictor-Havard,$d1905 215 ## $a1 v. 700 #0 $aTramar,$ccondessa de$3761625 702 #1 $aMétivet,$bLucien,$f1863-1932$4440$3761626 702 #1 $aMorin,$bHenry$4440$3761627 702 #1 $aFau,$bFernand$4440$3761628 801 #0 $aPT$bBN$gRPC 966 ## $lBN$mFGMON$sH.G. 18229 p. 998 ## $aCI241-579
Etiqueta de registo: 00604nam 02200205 04500 001 2226997 003 http://id.bnportugal.gov.pt/bib/catbnp/2226997 100 ## $a20250924f19001904m y0pory01030103ba 101 0# $afre 102 ## $aFR 106 ## $ar 200 1# $aRenée Mauperin 210 #9 $aParis$cArthéme Fayard,$d[1904] 215 ## $a125, [2] p. 225 2# $aModern-bibliothèque$v17 675 ## $a821.133.1-31"18"$vBN$zpor$3558810 700 #1 $aGoncourt,$bÉdmond,$f1822-1896$338091 701 #1 $aGoncourt,$bJules,$f1830-1870$4070$338093 702 #1 $aMorin,$bHenry$4440$3761627 801 #0 $aPT$bBN$gRPC 966 ## $lBN$mFGMON$sL. 181166 V.$x3 971 ## $cisantos$d20250924 972 ## $e0$z0$d20260413$vlrevez 973 ## $cigoulao$d20260325
|
|
|